| 000 | 00000nam 2200000zi 4500 |
| 001 | 9.918254 |
| 003 | CaOODSP |
| 005 | 20241211110213 |
| 006 | m o d f |
| 007 | cr mn||||||||| |
| 008 | 221213e202212##onc ob f000 0 eng d |
| 040 | |aCaOODSP|beng|erda|cCaOODSP |
| 043 | |an-cn--- |
| 086 | 1 |aXC66-1/1-441-10E-PDF |
| 110 | 1 |aCanada. |bParliament. |bHouse of Commons. |bStanding Committee on Justice and Human Rights, |eauthor, |eissuing body. |
| 245 | 14|aThe defence of extreme intoxication akin to automatism : |ba study of the legislative response to the Supreme Court of Canada decision R. v. Brown : report of the Standing Committee on Justice and Human Rights / |cRandeep Sarai, chair. |
| 246 | 3 |aDefence of extreme intoxication akin to automatism : |ba study of the legislative response to the Supreme Court of Canada decision R. v. Brown |
| 264 | 1|a[Ottawa] : |bHouse of Commons, Canada = Chambre des communes, Canada, |cDecember 2022. |
| 300 | |a1 online resource (vii, 31 pages). |
| 336 | |atext|btxt|2rdacontent |
| 337 | |acomputer|bc|2rdamedia |
| 338 | |aonline resource|bcr|2rdacarrier |
| 490 | 1 |aReport of the Standing Committee on Justice and Human Rights ; |v10th report, 44th Parliament, 1st Session |
| 500 | |aIssued also in French under title: La défense d'intoxication extrême s'apparentant à l'automatisme : une étude de la réponse législative à la décision R. c. Brown de la Cour suprême du Canada : rapport du Comité permanent de la justice et des droits de la personne. |
| 500 | |aOriginal published on: 2022/12/13. Republished on: 2022/12/14. |
| 500 | |a"44th Parliament, 1st Session." |
| 500 | |a"Tenth report"--Page v. |
| 504 | |aIncludes bibliographical references. |
| 610 | 10|aCanada. |tCriminal Code. |
| 650 | 0|aDrunkenness (Crime)|xLaw and legislation|zCanada. |
| 650 | 0|aViolent crimes|xLaw and legislation|zCanada. |
| 650 | 0|aDefense (Criminal procedure)|zCanada. |
| 700 | 1 |aSarai, Randeep, |d1975- |
| 775 | 08|tLa défense d'intoxication extrême s'apparentant à l'automatisme : |w(CaOODSP)9.918255 |
| 830 | #0|aReport of the Standing Committee on Justice and Human Rights ;|v10th report, 44th Parliament, 1st Session.|w(CaOODSP)9.506999 |
| 856 | 40|qPDF|s2.09 MB|uhttps://publications.gc.ca/collections/collection_2022/parl/xc66-1/XC66-1-1-441-10-eng.pdf |
| 856 | 4 |qHTML|sN/A|uhttps://www.ourcommons.ca/DocumentViewer/en/44-1/JUST/report-10/ |